000 00436cam a22001097a 4500
008 180718b1971 xxu||||| |||| 00| 0 eng d
082 _aD78x42 Un3s/1971
245 _aBritain and developing countries: South and South-East Asia
_cby Reference Division, Central Office of Information
260 _aLondon
_bReference Division, Central Office of Information
_c1971
300 _a40+p.
700 _aUnited Kingdom. Central Office of Information
999 _c490188
_d490188